| 000 | 01360cam a2200205 i 4500 | ||
|---|---|---|---|
| 999 |
_c7643 _d7643 |
||
| 003 | OSt | ||
| 005 | 20200317115237.0 | ||
| 008 | 170224s2017 sz ae 000 0 eng | ||
| 020 | _a9783037682074 (hd. bd.) | ||
| 082 |
_a307.760954 _bKRA |
||
| 100 | 1 |
_aKramer, Sibylle, _d1967- _eauthor. |
|
| 245 | 1 | 0 |
_aCool off! : _bthe pool book / _cSibylle Kramer. |
| 250 | _a1st edition. | ||
| 300 |
_a238 pages : _bchiefly color illustrations, plans ; _c25 x 29 cm |
||
| 520 | _aWater is probably the most diverse and fascinating of the four elements. When presented in a swimming pool, it signifies refreshment and relaxation, health, vivacity and zest for life. In this form, shaped by architecture and incorporated into the constructed and/or natural setting, water presents its most beautiful side. The precious substance is always at the center of the design of a swimming pool, reflected in the shape, the choice of materials, the color range, or the illumination concept. In the contemporary projects from around the world presented in this volume, renowned architects and innovative newcomers showcase the source of all life in a great variety of compelling and creative ways. | ||
| 650 | 0 |
_aSwimming pools _xDesign and construction. |
|
| 650 | 0 |
_aSwimming pools _vPictorial works. |
|
| 650 | 0 |
_aArchitecture, Domestic _y21st century _xThemes, motives. |
|
| 942 | _2ddc | ||